[Event "Teteven op 31st"]
[Site "Teteven"]
[Date "2016.08.18"]
[Round "6"]
[White "Bozov, Dimitar"]
[Black "Demirov, Todor"]
[Result "1/2-1/2"]
[WhiteElo "1764"]
[BlackElo "1461"]
[PlyCount "75"]
[EventDate "2016.08.13"]
[EventType "swiss"]
[EventRounds "9"]
[EventCountry "BUL"]
[SourceTitle "CBM 173 Extra"]
[Source "ChessBase"]
[SourceDate "2016.08.29"]
[SourceVersion "1"]
[SourceVersionDate "2016.08.29"]
[SourceQuality "1"]

1. d4 Nf6 2. c4 e6 3. Nf3 b6 4. a3 Bb7 5. Nc3 Be7 6. Qc2 0-0 7. e4 d6 8. Bf4 Nbd7 9. Rd1 Qc8 10. Bd3 c5 11. e5 Bxf3 12. gxf3 dxe5 13. dxe5 Nh5 14. Be3 Nxe5 15. Bxh7+ Kh8 16. Be4 Rb8 17. Qe2 Nf6 18. Bc2 Qb7 19. Ne4 Rbd8 20. Rg1 Rxd1+ 21. Kxd1 Rd8+ 22. Kc1 Qa6 23. Nd2 Qb7 24. Bg5 Nc6 25. Qf1 Nd4 26. Ne4 Nxe4 27. Bxe4 Bxg5+ 28. Rxg5 Qd7 29. Qh3+ Kg8 30. Qh7+ Kf8 31. Qxg7+ Ke7 32. Kb1 Ne2 33. Bd5 Qa4 34. Rg4 Qd1+ 35. Ka2 Nc1+ 36. Kb1 Ne2+ 37. Ka2 Nc1+ 38. Kb1 1/2-1/2

[Event "Teteven op 31st"]
[Site "Teteven"]
[Date "2016.08.16"]
[Round "4"]
[White "Bozov, Dimitar"]
[Black "Slijper, Thomas"]
[Result "0-1"]
[WhiteElo "1764"]
[BlackElo "1932"]
[PlyCount "88"]
[EventDate "2016.08.13"]
[EventType "swiss"]
[EventRounds "9"]
[EventCountry "BUL"]
[SourceTitle "CBM 173 Extra"]
[Source "ChessBase"]
[SourceDate "2016.08.29"]
[SourceVersion "1"]
[SourceVersionDate "2016.08.29"]
[SourceQuality "1"]

1. d4 d5 2. c4 c6 3. Nc3 e6 4. e4 dxe4 5. Nxe4 Nf6 6. Nxf6+ Qxf6 7. Nf3 Bb4+ 8. Bd2 Bxd2+ 9. Qxd2 0-0 10. Bd3 c5 11. 0-0 Na6 12. Ng5 Qxd4 13. Bxh7+ Kh8 14. Bd3 Nb4 15. Rad1 Qxd3 16. Qxd3 Nxd3 17. Rxd3 f6 18. Ne4 b6 19. Rfd1 e5 20. Rd6 Bb7 21. Nc3 Rf7 22. f3 Re7 23. Kf2 Kg8 24. Nb5 Kf7 25. Rd7 Bc6 26. Nd6+ Ke6 27. Rxe7+ Kxe7 28. Nf5+ Kf7 29. Rd6 Rc8 30. h4 g6 31. Ng3 Ke7 32. Rd1 Rh8 33. Rh1 Rd8 34. Ke3 f5 35. Ke2 f4 36. Nf1 Rh8 37. g4 e4 38. fxe4 Bxe4 39. Rh2 Rd8 40. Nd2 Bd3+ 41. Kf3 Rd4 42. b3 Kf6 43. Rh1 Bc2 44. Rh2 Bd1+ 0-1

[Event "Sunny Beach op-C 13th"]
[Site "Sunny Beach"]
[Date "2014.09.08"]
[Round "3"]
[White "Pingov, Krasen"]
[Black "Bozov, Dimitar"]
[Result "1/2-1/2"]
[WhiteElo "1905"]
[BlackElo "1805"]
[PlyCount "42"]
[EventDate "2014.09.06"]
[EventType "swiss"]
[EventRounds "9"]
[EventCountry "BUL"]
[SourceTitle "CBM 162 Extra"]
[Source "ChessBase"]
[SourceDate "2014.10.17"]
[SourceVersion "1"]
[SourceVersionDate "2014.10.17"]
[SourceQuality "1"]

1. e4 c5 2. Nf3 Nc6 3. d4 cxd4 4. Nxd4 e6 5. Nc3 d6 6. Be2 Nf6 7. Be3 Be7 8. 0-0 0-0 9. f4 Bd7 10. Qe1 Nxd4 11. Bxd4 Bc6 12. Qg3 g6 13. Bd3 Nh5 14. Qf2 Nxf4 15. Qxf4 e5 16. Bxe5 Bg5 17. Qg3 Bh4 18. Qf4 Bg5 19. Qg3 Bh4 20. Qf4 Bg5 21. Qg3 Bh4 1/2-1/2

[Event "Blagoevgrad op"]
[Site "Blagoevgrad"]
[Date "2013.09.28"]
[Round "1"]
[White "Bozov, Dimitar"]
[Black "Albertini, Luca"]
[Result "0-1"]
[WhiteElo "1960"]
[BlackElo "2121"]
[PlyCount "120"]
[EventDate "2013.09.28"]
[EventType "swiss"]
[EventRounds "9"]
[EventCountry "BUL"]
[SourceTitle "CBM 156 Extra"]
[Source "ChessBase"]
[SourceDate "2013.10.22"]
[SourceVersion "1"]
[SourceVersionDate "2013.10.22"]
[SourceQuality "1"]

1. d4 d5 2. Nf3 Nf6 3. c4 e6 4. Nc3 c6 5. Bg5 Bb4 6. Qb3 Qa5 7. Bxf6 gxf6 8. g3 Nd7 9. cxd5 Bxc3+ 10. bxc3 cxd5 11. Bg2 Nb6 12. 0-0 Bd7 13. Rfc1 Bb5 14. Bf1 Rc8 15. Nd2 f5 16. e3 Bxf1 17. Kxf1 h5 18. h4 Qa6+ 19. Kg2 Nc4 20. Nxc4 Rxc4 21. Rab1 b6 22. Rb2 Ke7 23. Qd1 Kf6 24. Qf3 Kg6 25. Qf4 f6 26. Qd6 Qc8 27. Rb3 Rh7 28. Kf3 Rhc7 29. Ra3 R7c6 30. Qe7 a6 31. Rb3 b5 32. Kg2 Rc7 33. Qd6 R4c6 34. Qb4 Kf7 35. Qa3 Rc4 36. Qd6 R7c6 37. Qf4 Kg6 38. g4 fxg4 39. e4 Qc7 40. e5 Qxe5 41. Qxg4+ hxg4 42. dxe5 fxe5 43. Re1 Rxc3 44. Rxc3 Rxc3 45. Rxe5 Kf6 46. Rg5 Rc4 47. Rg8 d4 48. h5 Rc5 49. Rg6+ Kf5 50. Rg8 d3 51. h6 d2 52. Rd8 Rd5 53. Rxd5+ exd5 54. h7 d1Q 55. h8Q Qf3+ 56. Kg1 Qd1+ 57. Kg2 d4 58. Qh5+ Ke6 59. Qg6+ Kd5 60. Qf5+ Kc4 0-1